Pueblo; : (Registro nro. 23115)
[ vista simple ]
| 000 -CABECERA | |
|---|---|
| campo de control de longitud fija | 00705cam a22002291 4500 |
| 001 - NÚMERO DE CONTROL | |
| campo de control | 000023619 |
| 005 - FECHA Y HORA DE LA ÚLTIMA TRANSACCIÓN | |
| campo de control | 20200930022344.0 |
| 008 - DATOS DE LONGITUD FIJA--INFORMACIÓN GENERAL | |
| campo de control de longitud fija | 751208s1967 sp 001 0 spa |
| 040 ## - FUENTE DE LA CATALOGACIÓN | |
| Centro catalogador/agencia de origen | DO-SdBNP |
| Lengua de catalogación | spa |
| Centro/agencia transcriptor | BNPHU |
| 050 00 - SIGNATURA TOPOGRÁFICA DE LA BIBLIOTECA DEL CONGRESO | |
| Número de clasificación | PQ6623.A816 |
| Número de documento/Ítem | P75 1957 |
| 082 ## - NÚMERO DE LA CLASIFICACIÓN DECIMAL DEWEY | |
| Número de clasificación | xxxxx |
| Número de documento/Ítem | A996p |
| 049 ## - FONDOS LOCALES (OCLC) | |
| Fondos de biblioteca | BNGR |
| 100 0# - ENTRADA PRINCIPAL--NOMBRE DE PERSONA | |
| Nombre de persona | Azorin, |
| Fechas asociadas al nombre | 1873-1967 |
| 9 (RLIN) | 5278 |
| 245 10 - MENCIÓN DE TÍTULO | |
| Título | Pueblo; : |
| Resto del título | novela de los que trabajan y sufren / |
| Mención de responsabilidad, etc. | Azorin. |
| 250 ## - MENCIÓN DE EDICIÓN | |
| Mención de edición | 3a ed. |
| 260 ## - PUBLICACIÓN, DISTRIBUCIÓN, ETC. | |
| Lugar de publicación, distribución, etc. | Madrid : |
| Nombre del editor, distribuidor, etc. | Espasa Calpe, |
| Fecha de publicación, distribución, etc. | 1967. |
| 300 ## - DESCRIPCIÓN FÍSICA | |
| Extensión | 153 p. ; |
| Dimensiones | 18 cm. |
| 490 1# - MENCIÓN DE SERIE | |
| Mención de serie | Austral ; |
| Designación de volumen o secuencia | no. 910 |
| 500 ## - NOTA GENERAL | |
| Nota general | Incluye índice de autores |
| 500 ## - NOTA GENERAL | |
| Nota general | Incluye información biográfica del autor en la solapa de la portada. |
| 830 #0 - PUNTO DE ACCESO ADICIONAL DE SERIE-TÍTULO UNIFORME | |
| Título uniforme | Austral ; |
| Número de parte o sección de la obra | 910 |
| 9 (RLIN) | 48670 |
| Estado de retiro | Estado de pérdida | Restricciones de uso | No para préstamo | Código de colección | Localización permanente | Ubicación/localización actual | Ubicación en estantería | Fecha de adquisición | Número de inventario | Total de préstamos | Signatura topográfica completa | Código de barras | Fecha visto por última vez | Precio válido a partir de | Tipo de ítem Koha |
|---|---|---|---|---|---|---|---|---|---|---|---|---|---|---|---|
| Monografías: Libros y Folletos | General | General | En catalogación | 15.12.2010 | LF1 | xxxxx A996p | 23619-10 | 25.06.2020 | 25.06.2020 | Préstamo en sala |
